00330nam a22000857a 4500008004100000082002000041245011900061260005500180300000900235230606b xxu||||| |||| 00| 0 eng d a336.346762bKDR aThe State of Kenya's Public Debt (2006-2007)bOverview, Issues and Next StepscKenya Debt Relief Network (KENDREN) aNairobibKenya Debt Relief Network (KENDREN)c2007 a30 p